000
00290nam a2200097Ia 4500
008
220216s9999 xx 000 0 und d
245
0
_a
Effect of thickness gauge alignment on tensile strength mesurements on latex films
260
_b
Rubber Developments
_c
1993
300
_a
91-92
942
_c
JS
999
_c
58209
_d
58209